Stink : el increíble niño menguante /

Todas las mañanas, Judy mide a Stink, y siempre mide lo mismo: noventa y siete centímetros. ¡Hasta Newton, un tritón que es la mascota de su clase, está creciendo más rápido que él! Pero un día sucede algo aún peor: ¡Stink mide medio centímetro menos! ¡No puede ser! ¿O si? ¿Se estará encogiendo?...

Descripción completa

Guardado en:
Autor Principal: McDonald, Megan.
Otros Autores: Reynolds, Peter H.; il.
Formato: Libro
Idioma:Undetermined
Publicado: Buenos Aires : Alfaguara, 2008.
Edición:1a. ed.
Materias:
Etiquetas: Agregar Etiqueta
Sin Etiquetas, Sea el primero en etiquetar este registro!
LEADER 01105nam a22002415a 4500
001 CEM.cems020272
008 230731s2008####ag############000#0#und#d
005 20230801173019.0
245 1 0 |a Stink :  |b el increíble niño menguante /  |c Megan McDonald; ilustrado por Peter H. Reynolds. 
250 |a 1a. ed. 
260 |a Buenos Aires :  |b Alfaguara,  |c 2008. 
300 |a 104 p. 
520 |a Todas las mañanas, Judy mide a Stink, y siempre mide lo mismo: noventa y siete centímetros. ¡Hasta Newton, un tritón que es la mascota de su clase, está creciendo más rápido que él! Pero un día sucede algo aún peor: ¡Stink mide medio centímetro menos! ¡No puede ser! ¿O si? ¿Se estará encogiendo? 
020 |a 978970410638 
100 1 |a McDonald, Megan. 
700 1 |a Reynolds, Peter H.; il. 
653 |a Literatura estadounidense 
653 |a Literatura infantil 
653 |a Novela infantil 
653 |a Novela 
653 |a Novela estadounidense 
859 |a CEMS  |b BIB. CEMS - Inicial y Primaria  |h 818.3  |i M459  |k IP  |p 3732  |t Ej.1 
859 |a CEMS  |b BIB. CEMS - Inicial y Primaria  |h 818.3  |i M459  |k IP  |p 3733  |t Ej.2